| 000 | 00673nam a22002177a 4500 | ||
|---|---|---|---|
| 999 |
_c9324 _d9324 |
||
| 003 | AR-CdUCM | ||
| 008 | 190327b ||||| |||| 00| 0 spa d | ||
| 040 |
_aMUNICIPALIDAD PROVINCIAL DEL CUSCO _cBIBLIOTECA MUNICIPAL DEL CUSCO |
||
| 082 |
_a891.1 / _bER72 |
||
| 100 |
_aErenburg, Ilya _917753 |
||
| 245 |
_aEl Árbol : _bPoemas 1938 - 1945 / |
||
| 260 |
_aArgentina : _bHemisferio ; _c1952. |
||
| 300 |
_a124 páginas ; _c18cm |
||
| 440 |
_aColección Interamericana _925441 |
||
| 505 | _aContenido: Poemas | ||
| 650 |
_aPoemas _9929 |
||
| 650 |
_aLiteratura soviética _91550 |
||
| 700 |
_aGuerrero, Lila (traducción) _99820 |
||
| 942 |
_2ddc _cLIBROS |
||
| 945 | _anom | ||